[Event "Forli op"]
[Site "Forli"]
[Date "1992.??.??"]
[Round "6"]
[White "Ivanov, Igor V"]
[Black "Nemet, Ivan"]
[Result "1-0"]
[WhiteElo "2510"]
[BlackElo "2400"]

1.d4 Nf6 2.c4 g6 3.Nc3 Bg7 4.e4 d6 5.Nf3 O-O 6.Be2 e5 7.O-O Nc6 8.d5 Ne7
9.Ne1 Nd7 10.Nd3 f5 11.Bd2 Nf6 12.f3 c6 13.Nf2 Kh8 14.b4 Bd7 15.a4 a5 16.bxa5 Qxa5
17.Qb3 Qa7 18.Rab1 Bc8 19.Qa3 fxe4 20.fxe4 Bg4 21.Bd3 Rad8 22.Qc1 Bc8 23.Be3 c5
24.Nb5 Qb8 25.a5 Nh5 26.g3 Rf7 27.Be2 Rdf8 28.Nc3 Qc7 29.Rb6 Bd7 30.Qb2 Nc8
31.Rxb7 Qxa5 32.Bg5 Nf4 33.gxf4 exf4 34.Nfd1 h6 35.Bxf4 Qd8 36.Bg3 Bd4+ 37.Kg2 h5
38.Qd2 Bh3+ 39.Kxh3 Rxb7 40.Qh6+ Kg8 41.Qxg6+ Rg7 42.Qe6+ Kh8 43.Rf5 Rxf5
44.exf5 Re7 45.Qh6+ Rh7 46.Qf4 h4 47.Be1 Be5 48.Qf3 Qg5 49.Qg4 Qd8 50.Ne4 Ne7
51.Nf6  1-0

[Event "Forli op"]
[Site "Forli"]
[Date "1992.??.??"]
[Round "7"]
[White "Arlandi, Ennio"]
[Black "Ivanov, Igor V"]
[Result "1-0"]
[WhiteElo "2435"]
[BlackElo "2510"]

1.d4 g6 2.c4 Bg7 3.e4 d6 4.Nf3 Bg4 5.Be2 Nc6 6.Nbd2 e5 7.d5 Bxf3 8.Nxf3 Nd4
9.Be3 Nxf3+ 10.Bxf3 Bh6 11.Bxh6 Nxh6 12.Qd2 Ng8 13.h4 h5 14.O-O-O Nf6 15.g3 Nd7
16.Bg2 a5 17.f4 Qe7 18.Rdf1 a4 19.f5 Rg8 20.fxg6 Rxg6 21.Qe3 Qf8 22.Bh3 Nc5
23.Rf3 Qh6 24.Qxh6 Rxh6 25.Rhf1 Rh7 26.Be6 Nxe6 27.dxe6 Ke7 28.Rxf7+ Rxf7
29.exf7 Rf8 30.Kd2 c6 31.Ke2 Ke6 32.Rf5 d5 33.Rxh5 dxc4 34.Rh6+ Kxf7 35.Rh7+ Kg6
36.Rxb7 Kh5 37.Rh7+ Kg4 38.Rg7+ Kh3 39.Kd2 Kg2 40.h5 Kf3 41.h6 Rh8 42.Rg6 Kxe4
43.Rf6 c3+ 44.bxc3 Rb8 45.h7 Rb2+ 46.Ke1 Rh2 47.Rf7 Kd3 48.Kf1 e4 49.Kg1 Rh6
50.g4 e3 51.Rd7+ Ke4 52.g5 Rh5 53.g6 e2 54.Kf2 Rh2+ 55.Ke1 Ke3 56.Re7+ Kd3
57.Re8 Rh1+ 58.Kf2 Rh2+ 59.Kf3 Rh3+ 60.Kf4  1-0

[Event "Forli op"]
[Site "Forli"]
[Date "1992.??.??"]
[Round "8"]
[White "Ivanov, Igor V"]
[Black "Nielsen, Peter Heine"]
[Result "1-0"]
[WhiteElo "2510"]
[BlackElo "2405"]

1.d4 Nf6 2.c4 g6 3.Nc3 Bg7 4.e4 d6 5.Nf3 O-O 6.Be2 e5 7.O-O Nc6 8.d5 Ne7
9.Ne1 Nd7 10.Nd3 f5 11.Bd2 Kh8 12.b4 Nf6 13.f3 f4 14.c5 h5 15.a4 g5 16.h3 Neg8
17.Nf2 Nh6 18.Rc1 Rg8 19.cxd6 cxd6 20.Nb5 Ne8 21.Rc3 Bf6 22.Qb3 Rg7 23.Rfc1 Bd7
24.a5 g4 25.fxg4 hxg4 26.hxg4 Bh4 27.Rh3 Kg8 28.Be1 Bxf2+ 29.Bxf2 Bxg4 30.Rxh6 Bxe2
31.Qh3 Bg4 32.Rh8+ Kf7 33.Qh6 Qd7 34.Rxe8 Rxe8 35.Rc7  1-0

[Event "Las Vegas op"]
[Site "Las Vegas"]
[Date "1992.??.??"]
[Round "?"]
[White "Ivanov, Igor V"]
[Black "Brown, Timothy G"]
[Result "1-0"]
[WhiteElo "2465"]
[BlackElo "2235"]

1.d4 Nf6 2.c4 g6 3.Nc3 Bg7 4.e4 d6 5.Nf3 O-O 6.Be2 e5 7.d5 a5 8.O-O Na6 9.Bg5 Bd7
10.Ne1 Nc5 11.Nd3 b6 12.Nxc5 bxc5 13.f3 a4 14.Qd2 Rb8 15.Nb5 Bxb5 16.cxb5 Qd7
17.b4 cxb4 18.Qxb4 Ra8 19.Rac1 Ne8 20.Rc6 f5 21.Rfc1 Bf6 22.Bh6 Rf7 23.Be3 Bd8
24.Ra6 Rb8 25.Ra7 Nf6 26.h3 Qe8 27.Qxa4 Nh5 28.Qc2 Ng3 29.a4 fxe4 30.fxe4 Qf8
31.Qd3 h5 32.Kh2 h4 33.a5 Rf4 34.a6 Rxe4 35.Rb7 Ra8 36.Bf3 Rxe3 37.Qxe3  1-0

[Event "Lloyds Bank op"]
[Site "London"]
[Date "1992.??.??"]
[Round "?"]
[White "Ivanov, Igor V"]
[Black "Hennigan, Michael"]
[Result "1/2-1/2"]
[WhiteElo "2510"]
[BlackElo "2400"]

1.d4 d6 2.Nf3 g6 3.c4 Bg7 4.Nc3 Nf6 5.e4 O-O 6.Be2 Na6 7.O-O e5 8.d5 Nc5
9.Qc2 a5 10.Bg5 h6 11.Be3 b6 12.Nd2 Ng4 13.Bxg4 Bxg4 14.a3 Bc8 15.b4 Nd7
16.c5 f5 17.f3 bxc5 18.bxc5 Nxc5 19.Nb5 Rf7 20.Bxc5 dxc5 21.a4 Qg5 22.Rfe1 h5
23.Rad1 h4 24.h3 Bh6 25.Qxc5 Bd7 26.Qc3 Qf6 27.exf5 Qb6+ 28.Kh1 Bf4 29.Qxc7 Qa6
30.Qc4 Rc8 31.Qb3 gxf5 32.d6 Kg7 33.Re2 Bxb5 34.axb5 Qxd6 35.Ne4 Qxd1+ 36.Qxd1 Rc1
37.Qxc1 Bxc1 38.Nd6 Rd7 39.Nxf5+ Kf6 40.Ne3 a4 41.b6 Rd3 42.Nc4 Rb3 43.Rc2 Bf4
44.g3 hxg3 45.Kg2 Ke6 46.Ra2 Rb4 47.Nb2 a3 48.Nd3 Rxb6 49.Rxa3 Kf5 50.Ra2 Rd6
51.Nc5 Rc6 52.Ne4 Rc8 53.h4 Rh8 54.Ra6 Rf8 55.h5 Be3 56.h6 Bg5 57.h7 Be7
58.Ra7 Bf6 59.Kxg3 Bh8 60.Ra6 Rb8 61.Rh6 Rf8 62.Kh4 Ra8 63.Rb6 Ra2 64.Kh3 Ra7
65.Rh6 Kf4 66.Rh4+ Kf5 67.Rh6 Kf4 68.Kh4 Kxf3 69.Ng5+ Kf4 70.Kh5 Kf5 71.Rg6 Rg7
72.Rxg7 Bxg7 73.Nf3 e4 74.Nd2 e3 75.Nf1 Kf4 76.Nxe3 Kxe3  1/2-1/2

[Event "Lloyds Bank op"]
[Site "London"]
[Date "1992.??.??"]
[Round "?"]
[White "Davies, Nigel R"]
[Black "Ivanov, Igor V"]
[Result "1/2-1/2"]
[WhiteElo "2460"]
[BlackElo "2510"]

1.e4 c5 2.Nc3 Nc6 3.g3 g6 4.Bg2 Bg7 5.d3 Nf6 6.f4 d6 7.Nf3 O-O 8.O-O Rb8
9.h3 b5 10.g4 b4 11.Ne2 Ne8 12.f5 Nc7 13.Qe1 Nb5 14.Qh4 Nbd4 15.Nexd4 Nxd4
16.Nxd4 Bxd4+ 17.Kh1 Bb7 18.Rb1 a5 19.Bh6 Qc7 20.Bxf8 Rxf8 21.Qe1 Rd8 22.Qd2 Bg7
23.g5 Be5 24.Qf2 Bd4 25.Qf3 Rf8 26.h4 f6 27.Qg4 Qd7 28.Bh3 d5 29.Bg2 dxe4
30.Bxe4 fxg5 31.Qxg5 Kh8 32.Qg2 Bxe4 33.dxe4 Rg8 34.fxg6 Rxg6 35.Rf8+ Kg7
36.Qf3 Bf6 37.Ra8 Qd2 38.e5 Qd4 39.exf6+ Kh6 40.Kh2 Rxf6 41.Qg3 Qd2+ 42.Kh3 Qd7+
43.Kh2 Qd2+ 44.Kh3  1/2-1/2

[Event "Lloyds Bank op"]
[Site "London"]
[Date "1992.??.??"]
[Round "?"]
[White "Nunn, John DM"]
[Black "Ivanov, Igor V"]
[Result "1/2-1/2"]
[WhiteElo "2595"]
[BlackElo "2510"]

1.e4 e6 2.d4 d5 3.Nc3 Bb4 4.e5 Ne7 5.a3 Bxc3+ 6.bxc3 b6 7.Qg4 Ng6 8.h4 h5
9.Qg3 Ba6 10.Ne2 Qc8 11.Nf4 Nxf4 12.Bxf4 Kf8 13.Bd3 Nc6 14.Bg5 Bxd3 15.cxd3 Qd7
16.a4 Rc8 17.O-O Na5 18.f4 c5 19.Ra2 cxd4 20.cxd4 Nc6 21.Qe3 Kg8 22.Raf2 Ne7
23.Bxe7 Qxe7 24.f5 Qxh4 25.Rf4 Qd8 26.fxe6 fxe6 27.Rf7 h4 28.Qh3 Qe8 29.Rf8+ Qxf8
30.Qxe6+ Kh7 31.Rxf8 Rhxf8 32.Qxd5 Rc1+ 33.Kh2 Re1 34.e6 Kg6 35.Qc6 Kg5 36.Qd7 Rff1
37.Qxg7+ Kh5 38.Qh8+ Kg5 39.Qg8+ Kh5 40.Qh7+ Kg5 41.Qg7+ Kh5 42.Qh7+  1/2-1/2

[Event "New York op"]
[Site "New York"]
[Date "1992.??.??"]
[Round "1"]
[White "MacArthur, B."]
[Black "Ivanov, Igor V"]
[Result "0-1"]
[WhiteElo "2205"]
[BlackElo "2465"]

1.e4 c5 2.Nf3 e6 3.c3 d5 4.exd5 exd5 5.d4 Nf6 6.Bb5+ Bd7 7.Qe2+ Be7 8.O-O O-O
9.Bxd7 Nbxd7 10.dxc5 Re8 11.Nbd2 Bxc5 12.Qd3 Bb6 13.Nb3 h6 14.a4 a6 15.a5 Ba7
16.Ra4 Re4 17.Nfd4 Ne5 18.Qh3 Ng6 19.Rb4 Rb8 20.Be3 Nf4 21.Bxf4 Rxf4 22.Ne6 Rxb4
23.Nxd8 Rxb3 24.Ne6 fxe6 25.Qxe6+ Kh8 26.Qe2 Rc8 27.Rd1 Rb5 28.g3 Re8 29.Qc2 Ne4
30.Kg2 Rf8 31.f3 Nd6 32.Re1 Nc4 33.Kh3 Rxb2 34.Qg6 Ne3 35.f4 Rb5 36.Qe6 d4
37.g4 dxc3  0-1

[Event "New York op"]
[Site "New York"]
[Date "1992.??.??"]
[Round "5"]
[White "Ivanov, Igor V"]
[Black "Weyrich, Morten"]
[Result "1-0"]
[WhiteElo "2465"]
[BlackElo "2370"]

1.d4 d5 2.c4 e6 3.Nc3 c6 4.e3 Nd7 5.Nf3 Bd6 6.e4 dxe4 7.Nxe4 Bc7 8.Bd3 Ngf6
9.Bg5 h6 10.Bh4 Ba5+ 11.Nc3 c5 12.O-O cxd4 13.Nb5 O-O 14.a3 e5 15.b4 a6 16.Nd6 Bc7
17.Ne4 b6 18.Re1 Re8 19.Ra2 Bb7 20.Rae2 a5 21.b5 g5 22.Nfxg5 Nxe4 23.Rxe4 Bxe4
24.Rxe4 hxg5 25.Bxg5 Nf6 26.Bh6 Qd7 27.Qf3 Nxe4 28.Bxe4 f5 29.Qg3+ Kh8 30.Qh3 Kg8
31.Bd5+ Kh8 32.Bg5+ Qh7  1-0

[Event "New York op"]
[Site "New York"]
[Date "1992.??.??"]
[Round "8"]
[White "Dlugy, Maxim"]
[Black "Ivanov, Igor V"]
[Result "0-1"]
[WhiteElo "2550"]
[BlackElo "2465"]

1.d4 g6 2.c4 Bg7 3.Nc3 c5 4.d5 Bxc3+ 5.bxc3 f5 6.g4 fxg4 7.h3 g3 8.f4 Nf6
9.Qd3 Qa5 10.Bd2 Nh5 11.a4 Rf8 12.e3 d6 13.Be2 Bf5 14.e4 Nxf4 15.Bxf4 Bxe4
16.Qxe4 Qxc3+ 17.Bd2 Qxa1+ 18.Bd1 Rf2 19.Ne2 g2 20.Kxf2 gxh1=Q 21.Qxh1 Nd7
22.Bc3 Qb1 23.Ke1 Qd3 24.Qg2 Qxc4 25.Qg5 Qe4 26.Kd2 Nb6 27.Nf4 Nc4+ 28.Kc1 Ne3
29.Ne6 Kd7  0-1

[Event "World op"]
[Site "Philadelphia"]
[Date "1992.??.??"]
[Round "1"]
[White "Rios, Alejandro"]
[Black "Ivanov, Igor V"]
[Result "1/2-1/2"]
[WhiteElo "2285"]
[BlackElo "2465"]

1.e4 c5 2.Nf3 d6 3.d4 cxd4 4.Nxd4 Nf6 5.Nc3 a6 6.f4 e6 7.Qf3 Qb6 8.Nb3 Nc6
9.Be3 Qc7 10.O-O-O b5 11.Bd3 Bb7 12.Kb1 Be7 13.g4 Nd7 14.Rhg1 Nb4 15.g5 Nc5
16.f5 Nbxd3 17.cxd3 exf5 18.Qxf5 Nxb3 19.axb3 Rc8 20.Rgf1 O-O 21.Rc1 g6 22.Qh3 Qd8
23.Qh6 Rc5 24.Bd4 Re5 25.h4 b4 26.Nd5 Bxd5 27.exd5 Qa5 28.Bxe5 dxe5 29.h5 Qxd5
30.Rcd1 Qxb3 31.hxg6 fxg6 32.Qh3 Rf2 33.Qc8+ Kg7 34.Qc1 Rxf1 35.Rxf1 Qxd3+
36.Ka1 b3 37.Qe1 Qb5 38.Kb1 Bxg5 39.Qf2 Bf4 40.Qa7+ Kf6 41.Rg1 Qc6 42.Re1 h5
43.Qb8 Qc2+ 44.Ka1 Qc4 45.Qf8+ Qf7 46.Qh8+ Kf5 47.Qc8+ Qe6 48.Qf8+ Qf6 49.Qc8+ Kg5
50.Rg1+ Kh6 51.Qg8 Bh2 52.Rxg6+ Qxg6 53.Qh8+ Kg5 54.Qxe5+ Qf5 55.Qg7+ Qg6
56.Qe5+ Kg4 57.Qf4+  1/2-1/2

[Event "World op"]
[Site "Philadelphia"]
[Date "1992.??.??"]
[Round "2"]
[White "Ivanov, Igor V"]
[Black "Olesen, Martin"]
[Result "1-0"]
[WhiteElo "2465"]
[BlackElo "2380"]

1.d4 Nf6 2.c4 g6 3.Nc3 Bg7 4.e4 d6 5.Nf3 O-O 6.Be2 e5 7.d5 a5 8.O-O Na6 9.Bg5 h6
10.Bh4 Qe8 11.Ne1 Nh7 12.Kh1 h5 13.f3 Bd7 14.Nd3 f5 15.exf5 g5 16.f6 Bh6
17.f4 Rxf6 18.Bxh5 Qf8 19.fxg5 Bxg5 20.Rxf6 Bxf6 21.Bg4 Be8 22.Be6+ Kh8 23.Qg4 Bxh4
24.Qxh4 Bg6 25.Ne4 Nb4 26.Nxb4 axb4 27.Kg1 Bxe4 28.Qxe4 Qh6 29.Qe1 Rf8 30.Rd1 Qf4
31.b3 Ng5 32.h3 Rf6 33.Bg4 Ne4 34.Rd3 Nc3 35.Qh4+ Kg7 36.Rg3 Ne4 37.Rf3 Qc1+
38.Kh2 Rxf3 39.Bxf3 Nf6 40.Qg3+ Kh6 41.h4 Qe3 42.Bd1 Qxg3+ 43.Kxg3 Ne4+ 44.Kf3 Nc3
45.Be2 Nxa2 46.g4 Nc1 47.g5+ Kg7 48.Bd1 Na2 49.h5 b5 50.h6+ Kg8 51.cxb5 Nc3
52.Be2  1-0

[Event "Philadelphia opI"]
[Site "Philadelphia"]
[Date "1992.??.??"]
[Round "2"]
[White "Dzindzichashvili, Roman"]
[Black "Ivanov, Igor V"]
[Result "1-0"]
[WhiteElo "2560"]
[BlackElo "2465"]

1.c4 e5 2.Nc3 Nf6 3.g3 Bb4 4.Bg2 O-O 5.Nf3 Re8 6.O-O Bxc3 7.dxc3 h6 8.e4 d6
9.Nh4 Be6 10.b3 Nbd7 11.Re1 a6 12.a4 a5 13.Nf5 Nc5 14.Qc2 Qd7 15.Ne3 c6 16.Ba3 Qc7
17.Rad1 Rad8 18.h3 Qb6 19.b4 Na6 20.Rxd6 Rxd6 21.c5 Qd8 22.cxd6 Qxd6 23.Rd1 Qe7
24.Qb2 Qc7 25.b5 cxb5 26.axb5 Nc5 27.b6 Qc6 28.Nd5 Na4 29.Qc2 Nxb6 30.Ne7+ Rxe7
31.Bxe7 Nfd7 32.Bf1 Nc4 33.Bxc4 Qxc4 34.Qd3 Qxd3 35.Rxd3 f6 36.g4 Kf7 37.Ba3 Ke8
38.Rd6 Bc4 39.f3 Kd8 40.Kf2 Kc7 41.h4 g5 42.h5 b5 43.Rd1 Bb3 44.Rb1 a4 45.Be7 Kc6
46.Ke3 Nb6 47.Bf8 b4 48.cxb4 Kb5 49.Bxh6 a3 50.Bg7 Bg8 51.Bxf6 Nd7 52.Be7 a2
53.Ra1 Ka4 54.b5 Kb3 55.Bxg5 Kb2 56.Rg1 a1=Q 57.Rxa1 Kxa1 58.Bd8  1-0

[Event "World op"]
[Site "Philadelphia"]
[Date "1992.??.??"]
[Round "4"]
[White "Ivanov, Igor V"]
[Black "Remlinger, Larry"]
[Result "1-0"]
[WhiteElo "2465"]
[BlackElo "2340"]

1.d4 Nf6 2.c4 g6 3.g3 Bg7 4.Bg2 O-O 5.Nf3 d6 6.O-O Nbd7 7.Nc3 e5 8.e4 exd4
9.Nxd4 Re8 10.h3 Nc5 11.Re1 a5 12.Bf4 Nfd7 13.Be3 Ne5 14.Bf1 c6 15.f4 Ned7
16.Bg2 a4 17.Qc2 Qa5 18.Rad1 Nf8 19.Bf2 Bd7 20.Rd2 Re7 21.Rb1 f5 22.Re1 Rae8
23.Rde2 a3 24.bxa3 Nfe6 25.Nxe6 Bxe6 26.Nd5 fxe4 27.Nxe7+ Rxe7 28.g4 Rf7
29.Bxe4 Qxa3 30.Re3 Qb2 31.Bxg6 Qxc2 32.Bxc2 Bxc4 33.Re8+ Rf8 34.R1e7 Rxe8
35.Rxe8+ Kf7 36.Rb8 Bxa2 37.Bxh7 b5 38.Bg8+  1-0

[Event "Philadelphia opI"]
[Site "Philadelphia"]
[Date "1992.??.??"]
[Round "5"]
[White "Kudrin, Sergey"]
[Black "Ivanov, Igor V"]
[Result "0-1"]
[WhiteElo "2550"]
[BlackElo "2465"]

1.e4 c5 2.Nf3 d6 3.d4 cxd4 4.Nxd4 Nf6 5.Nc3 a6 6.g3 e5 7.Nb3 Be7 8.Bg2 Bg4
9.Qd3 Nbd7 10.a4 Qc7 11.O-O O-O 12.a5 Rfc8 13.Be3 h6 14.Rfc1 b5 15.axb6 Nxb6
16.Na5 Nc4 17.Nxc4 Qxc4 18.Qxc4 Rxc4 19.f3 Be6 20.Bf1 Rb4 21.b3 a5 22.Nb5 Rb8
23.Rxa5 d5 24.Ra7 Bf8 25.Nc7 dxe4 26.Nxe6 fxe6 27.Bh3 exf3 28.Bxe6+ Kh8 29.Ra5 e4
30.h4 Bd6 31.Kf2 Bc7 32.Ra6 Rd8 33.Rc6 Be5 34.Rc5 Bb8 35.Rc4 Rb7 36.Rc8 Rxc8
37.Bxc8 Ra7 38.Be6 Nh5 39.Bg4 Bxg3+ 40.Kf1 Ra5 41.b4 Ra3 42.Bf2 Bf4 43.Rb1 Ng3+
44.Bxg3 Bxg3 45.b5 g6 46.b6 h5 47.Bd7 e3 48.Bb5 Rc3 49.Rb2 Ra3 50.Rb1 Ra2
51.Be2 fxe2+ 52.Kxe2 Rxc2+ 53.Kxe3 Kg7 54.b7 Bb8 55.Rb3 Rg2 56.Ke4 Rg3  0-1

[Event "World op"]
[Site "Philadelphia"]
[Date "1992.??.??"]
[Round "6"]
[White "Ivanov, Igor V"]
[Black "Delaune, Richard K"]
[Result "1-0"]
[WhiteElo "2465"]
[BlackElo "2355"]

1.d4 Nf6 2.c4 e6 3.Nf3 b6 4.g3 Ba6 5.Nbd2 Bb7 6.Bg2 c5 7.d5 exd5 8.Nh4 Na6
9.O-O g6 10.Re1 Be7 11.cxd5 Nxd5 12.Nc4 Nac7 13.e4 Nb4 14.Bh6 Ne6 15.a3 Na6
16.Nf5 gxf5 17.exf5 Bxg2 18.Kxg2 Nac7 19.Qf3 Rc8 20.Rad1 d6 21.Ne5 Nf8 22.Nc6 Qd7
23.Nxe7 Qxe7 24.Qc6+  1-0

[Event "Philadelphia opI"]
[Site "Philadelphia"]
[Date "1992.??.??"]
[Round "6"]
[White "Ivanov, Igor V"]
[Black "Ibragimov, Ildar"]
[Result "0-1"]
[WhiteElo "2465"]
[BlackElo "2515"]

1.d4 d5 2.c4 dxc4 3.e3 Nf6 4.Bxc4 e6 5.Nf3 c5 6.O-O a6 7.a4 Nc6 8.Qe2 Be7
9.Rd1 cxd4 10.exd4 O-O 11.Nc3 Nd5 12.h3 Ncb4 13.Ne5 Bd7 14.Qf3 Be8 15.Qg3 Kh8
16.Bb3 Rc8 17.Bd2 Bc6 18.Rac1 Nf6 19.Bg5 Bd5 20.Bxf6 Bxf6 21.Nxd5 Rxc1 22.Rxc1 Nxd5
23.Qf3 Qd6 24.Bxd5 exd5 25.Rc5 Bxe5 26.Rxd5 Bh2+ 27.Kh1 Qf4 28.Qe2 h6 29.Re5 Rc8
30.g3 Bxg3 31.fxg3 Rc1+ 32.Kh2 Qxd4 33.Re3 Rd1  0-1

[Event "Philadelphia opI"]
[Site "Philadelphia"]
[Date "1992.??.??"]
[Round "8"]
[White "Ivanov, Igor V"]
[Black "Remlinger, Larry"]
[Result "1-0"]
[WhiteElo "2465"]
[BlackElo "2340"]

1.d4 Nf6 2.c4 g6 3.g3 Bg7 4.Bg2 O-O 5.e4 d6 6.Ne2 c5 7.O-O Nc6 8.d5 Na5 9.Nd2 b5
10.cxb5 a6 11.a4 axb5 12.axb5 Bd7 13.Nc3 Qb6 14.Re1 Bxb5 15.Nxb5 Qxb5 16.Bf1 Qb4
17.Re3 Nb7 18.Rxa8 Rxa8 19.Rb3 Qa4 20.Bb5 Qd4 21.Rd3 Qe5 22.f4 Qh5 23.Qxh5 Nxh5
24.Ra3 Rb8 25.Be2 Nd8 26.Bxh5 gxh5 27.Nc4 Bd4+ 28.Kf1 f6 29.Ke2 Nf7 30.h3 f5
31.exf5 Nh6 32.b3 Nxf5 33.g4 hxg4 34.hxg4 Ng7 35.Na5 Re8 36.Nc6 Bc3 37.Kd3 Be1
38.Ra7 Bh4 39.g5 Kf8 40.Bb2 Nh5 41.Ke4 Bg3 42.Bc1 Be1 43.Kf3 Ng3 44.Bb2 Nf5
45.Ra1 Bd2 46.Rd1 Bb4 47.Rh1 Kg8 48.Rh2 e5 49.fxe5 dxe5 50.Bxe5 Ne7 51.Nxb4 cxb4
52.d6 Nd5 53.g6 h6 54.d7 Rd8 55.Rxh6 Rxd7 56.Rh8+  1-0

[Event "World op"]
[Site "Philadelphia"]
[Date "1992.??.??"]
[Round "9"]
[White "Hellers, Ferdinand"]
[Black "Ivanov, Igor V"]
[Result "0-1"]
[WhiteElo "2510"]
[BlackElo "2465"]

1.e4 c5 2.Nf3 d6 3.d4 cxd4 4.Nxd4 Nf6 5.Nc3 a6 6.Bg5 e6 7.f4 Qc7 8.Qf3 Nbd7
9.O-O-O b5 10.Bxb5 axb5 11.e5 Bb7 12.Ndxb5 Qb6 13.Qe2 h6 14.Bxf6 gxf6 15.Nxd6+ Bxd6
16.Rxd6 Qb4 17.Qd2 Nb6 18.a3 Qa5 19.Qd4 Nc8 20.exf6 Nxd6 21.Qxd6 Qd8 22.Qb4 Bc6
23.Qc5 Rc8 24.Rd1 Qxf6 25.Nb5 Qxf4+ 26.Kb1 Qg5 27.Nd6+ Kf8 28.Qxg5 hxg5 29.Nxc8 Rxh2
30.g3 f5 31.Nd6 g4 32.Re1 f4 33.gxf4 g3 34.Nc4 g2 35.Ne3 Rh3 36.Nxg2 Bxg2
37.Kc1 Kf7 38.Rd1 Rh4 39.Rd4 Kf6 40.a4 Kf5 41.a5 e5 42.Rd2 Rh1+ 43.Rd1 exf4
44.Rxh1 Bxh1 45.Kd2 Kg4  0-1

[Event "Philadelphia opI"]
[Site "Philadelphia"]
[Date "1992.??.??"]
[Round "9"]
[White "Ivanov, Igor V"]
[Black "Fishbein, Alexander"]
[Result "1/2-1/2"]
[WhiteElo "2465"]
[BlackElo "2495"]

1.d4 Nf6 2.c4 g6 3.g3 Bg7 4.Bg2 d6 5.e4 O-O 6.Ne2 c5 7.Nbc3 cxd4 8.Nxd4 Nc6
9.Nc2 a6 10.O-O Bd7 11.b3 Rb8 12.a4 Qb6 13.Rb1 Rfc8 14.Bg5 Qd8 15.Qd2 Qf8
16.h3 Ne8 17.Nd5 Nc7 18.a5 Be8 19.Rfe1 h6 20.Be3 e6 21.Nb6 Rd8 22.b4 Na8
23.Red1 Ne5 24.Na3 Nxb6 25.Bxb6 Rdc8 26.Qe2 Qe7 27.f4 Nd7 28.Ba7 Ra8 29.Bf2 Rab8
30.Rdc1 h5 31.Ba7 Ra8 32.Be3 Rab8 33.Qf2 Rc7 34.Rd1 Nf6 35.Ba7 Ra8 36.Bb6 Rcc8
37.c5 d5 38.exd5 exd5 39.Qe1 Qf8 40.Qd2 Bd7 41.Nc2 Bf5 42.Rb3 Ne4 43.Qe1 Nxc5
44.Bxc5 Rxc5 45.Ne3 Bc2 46.Nxc2 Rxc2 47.Bxd5 Re8 48.Re3 Rxe3 49.Qxe3 Qxb4
50.f5 gxf5 51.Qe8+ Qf8 52.Bxf7+ Kh7 53.Qxf8  1/2-1/2

[Event "Reno op"]
[Site "Reno"]
[Date "1992.??.??"]
[Round "2"]
[White "Ivanov, Igor V"]
[Black "Kelson, Richard"]
[Result "1-0"]
[WhiteElo "2510"]
[BlackElo "2310"]

1.d4 Nf6 2.c4 e6 3.Nc3 Bb4 4.e3 c5 5.Bd3 d5 6.a3 Ba5 7.Nf3 cxd4 8.exd4 dxc4
9.Bxc4 O-O 10.O-O a6 11.Bg5 h6 12.Bh4 b5 13.Bd3 Bxc3 14.bxc3 Bb7 15.a4 Qd5
16.Bxf6 gxf6 17.axb5 axb5 18.Rb1 Bc6 19.Re1 Nd7 20.Re3 Kg7 21.Nh4 Rh8 22.Be4 Qd6
23.d5 Bxd5 24.Bxd5 Ra4 25.Bxe6  1-0

[Event "Reno op"]
[Site "Reno"]
[Date "1992.??.??"]
[Round "3"]
[White "Donaldson, John W"]
[Black "Ivanov, Igor V"]
[Result "1/2-1/2"]
[WhiteElo "2425"]
[BlackElo "2510"]

1.Nf3 Nf6 2.c4 e6 3.Nc3 d5 4.d4 Be7 5.Bg5 O-O 6.e3 Nbd7 7.Rc1 c6 8.Bd3 dxc4
9.Bxc4 Nd5 10.Bxe7 Qxe7 11.O-O Nxc3 12.Rxc3 b6 13.Qc2 Bb7 14.Be2  1/2-1/2

[Event "Reno op"]
[Site "Reno"]
[Date "1992.??.??"]
[Round "5"]
[White "Gurevich, Dmitry"]
[Black "Ivanov, Igor V"]
[Result "1-0"]
[WhiteElo "2490"]
[BlackElo "2510"]

1.d4 Nf6 2.c4 e6 3.g3 d5 4.Bg2 c6 5.Qc2 Nbd7 6.Nf3 b6 7.Nbd2 Bb7 8.O-O Be7
9.e4 O-O 10.e5 Ne8 11.a3 Rc8 12.b4 Ba6 13.Rb1 Nc7 14.Rd1 Bxc4 15.Nxc4 dxc4
16.Qxc4 Nd5 17.Bd2 b5 18.Qd3 N7b6 19.h4 h6 20.Be1 Nc4 21.Nd2 Ndb6 22.Nxc4 Nxc4
23.a4 Qd7 24.a5 Rfd8 25.Qe4 f5 26.exf6 Bxf6 27.Bh3 Re8 28.Bc3 Qd5 29.Re1 Kf7
30.Qf4 Qd7 31.Qg4 Rcd8 32.Rbd1 Qe7 33.Qh5+ Kf8 34.Rxe6 Qc7 35.Rde1 Nd6 36.Bd2 Rxe6
37.Rxe6 Re8 38.Bf4 Rxe6 39.Bxe6 Ke7 40.Bh3 Kf8 41.Qc5 Be7 42.Be6  1-0

[Event "Reno op"]
[Site "Reno"]
[Date "1992.??.??"]
[Round "6"]
[White "Orlov, Georgi"]
[Black "Ivanov, Igor V"]
[Result "1/2-1/2"]
[WhiteElo "2490"]
[BlackElo "2510"]

1.d4 Nf6 2.Nf3 g6 3.c4 Bg7 4.Nc3 O-O 5.e4 d6 6.Be2 Bg4 7.Be3 Nc6 8.d5 Bxf3
9.Bxf3 Ne5 10.Be2 c6 11.f4 Ned7 12.O-O Qa5 13.a3 Rfc8 14.Kh1 Qd8 15.Rc1 a6
16.Bd4 cxd5 17.exd5 a5 18.Rf3 Qf8 19.Re3 Bh6 20.Qf1 Bg7 21.Re1 Nc5 22.Bd1 Re8
23.Bxc5 dxc5 24.Ba4 Ng4 25.Rg3 Bxc3 26.bxc3 f5 27.Bxe8 Rxe8 28.Qe2 Qf6 29.Qe6+ Kf8
30.Qxf6+ Nxf6 31.Rge3 Ne4 32.Rxe4 fxe4 33.Rxe4 Rd8 34.g3 Rd6 35.Re6 Rxe6
36.dxe6 Kg7 37.Kg2 Kf6 38.Kf3 Kxe6 39.a4 Kf6 40.Ke4 e6 41.h3 h6 42.g4 h5
43.Kf3  1/2-1/2

[Event "Alekhine op-B"]
[Site "Smolensk"]
[Date "1992.??.??"]
[Round "3"]
[White "Ivanov, Igor V"]
[Black "Daniliuk, Sergey"]
[Result "1/2-1/2"]
[WhiteElo "2510"]
[BlackElo "2340"]

1.Nf3 Nf6 2.c4 g6 3.Nc3 d5 4.cxd5 Nxd5 5.e4 Nxc3 6.dxc3 Qxd1+ 7.Kxd1 Bg4
8.Bf4 c6 9.Kc2 Nd7 10.Ne5 Nxe5 11.Bxe5 f6 12.Bg3 O-O-O 13.h3 Be6  1/2-1/2

[Event "Alekhine op-B"]
[Site "Smolensk"]
[Date "1992.??.??"]
[Round "5"]
[White "Ivanov, Igor V"]
[Black "Ivanov, Timur"]
[Result "0-1"]
[WhiteElo "2510"]
[BlackElo "2310"]

1.e4 c5 2.Nf3 Nc6 3.Bb5 g6 4.O-O Bg7 5.c3 a6 6.Bxc6 dxc6 7.d3 Nf6 8.h3 O-O
9.Qe2 Re8 10.Be3 c4 11.dxc4 Nxe4 12.Rd1 Qc7 13.Bd4 Nf6 14.c5 Nh5 15.Bxg7 Nxg7
16.Nbd2 Be6 17.Nd4 Rad8 18.N2f3 Bc8 19.Ne5 Rd5 20.Nd3 e5 21.Nb3 e4 22.Ne1 f5
23.Rxd5 cxd5 24.Qd2 Be6 25.Qg5 Bf7 26.Nc2 Ne6 27.Qf6 Nxc5 28.Nxc5 Qxc5 29.h4 Qb5
30.h5 Qc6 31.Qg5 Qd7 32.Rd1 Qe7 33.Qxe7 Rxe7 34.Ne3 Rd7 35.Rd4 Be6 36.hxg6 hxg6
37.f4 Kf7 38.c4 dxc4 39.Rxd7+ Bxd7 40.Nxc4 Ke6 41.Kf2 Kd5 42.Ne3+ Kd4 43.Ke2 Be6
44.Nc2+ Kc5 45.b3 a5 46.Kd2 b5 47.Kc3 b4+ 48.Kd2 a4 49.bxa4 Bxa2 50.Ne3 Be6
51.g3 Kb6 52.Nc2 Ka5 53.Nd4 Bd5  0-1

[Event "Alekhine op-B"]
[Site "Smolensk"]
[Date "1992.??.??"]
[Round "7"]
[White "Ivanov, Igor V"]
[Black "Timofeev, Vladimir F"]
[Result "1-0"]
[WhiteElo "2510"]
[BlackElo "2290"]

1.e4 c6 2.c4 d5 3.exd5 Nf6 4.Nc3 g6 5.dxc6 Nxc6 6.Nf3 e5 7.d3 Bg7 8.Be2 O-O
9.O-O Re8 10.Ng5 Nd4 11.Nge4 h6 12.Bf3 Nh7 13.c5 Bf8 14.Be3 f5 15.Nd6 Bxd6
16.cxd6 Qxd6 17.Bxd4 exd4 18.Nb5 Qe5 19.a4 a6 20.Qd2 Qg7 21.Qa5 Rf8 22.Rac1 Ng5
23.Bd5+ Kh8 24.f4 Nh7 25.Nd6 Nf6 26.Bxb7 Bxb7 27.Rc7 Qg8 28.Rxb7 Rab8 29.Rxb8 Rxb8
30.Qe5 Qf8 31.Rc1 Rd8 32.Rc6 Kg8 33.Qe6+ Kg7 34.Rc7+ Nd7 35.Rxd7+ Rxd7 36.Qxd7+ Kh8
37.Nf7+ Kg8 38.Ne5  1-0

[Event "St Martin op"]
[Site "St Martin"]
[Date "1992.??.??"]
[Round "9"]
[White "Ivanov, Igor V"]
[Black "Benjamin, Joel"]
[Result "1/2-1/2"]
[WhiteElo "2465"]
[BlackElo "2555"]

1.Nf3 Nf6 2.c4 g6 3.Nc3 d5 4.cxd5 Nxd5 5.g3 Bg7 6.Bg2 O-O 7.O-O c5 8.Nxd5 Qxd5
9.d3 Nc6 10.Be3 Bd7 11.Nd4 Qd6 12.Nxc6 Bxc6 13.Bxc6 Qxc6 14.Rc1 Qe6 15.Rxc5 Qxa2
16.Rb5 b6 17.Qa1 Qe6 18.Qa4 Rfc8 19.Ra1 h5 20.Qe4 Qxe4 21.dxe4 Rc2 22.Rxb6 Rxe2
23.Kf1 Rxb2 24.Rxb2 Bxb2 25.Rxa7 Rxa7 26.Bxa7  1/2-1/2

[Event "Gausdal MI9394"]
[Site "Gausdal"]
[Date "1993.??.??"]
[Round "1"]
[White "Ostenstad, Berge"]
[Black "Ivanov, Igor V"]
[Result "1-0"]
[WhiteElo "2465"]
[BlackElo "2505"]

1.d4 g6 2.e4 d6 3.c4 Bg7 4.Nc3 Nf6 5.Nf3 O-O 6.Be2 Bg4 7.Be3 Nc6 8.d5 Bxf3
9.Bxf3 Ne5 10.Be2 c6 11.f4 Ned7 12.O-O Qa5 13.Rb1 Rfc8 14.Qd2 cxd5 15.exd5 Qb4
16.Rfc1 Nc5 17.Qc2 a6 18.b3 a5 19.a3 Qxa3 20.Nb5 Qb4 21.Bd2 Qxb5 22.cxb5 Nxd5
23.Kh1 Nb4 24.Qd1 Na2 25.Rc4 d5 26.Rc2 Ne4 27.Rxc8+ Rxc8 28.Be1 Nac3 29.Rc1 Rc5
30.Qd3 b6 31.Bf3 e6 32.Bxe4 Nxe4 33.Rxc5 Nxc5 34.Qc2  1-0

[Event "Gausdal MI9394"]
[Site "Gausdal"]
[Date "1993.??.??"]
[Round "2"]
[White "Ivanov, Igor V"]
[Black "Csom, Istvan"]
[Result "1/2-1/2"]
[WhiteElo "2505"]
[BlackElo "2475"]

1.d4 Nf6 2.c4 e6 3.Nf3 b6 4.g3 Ba6 5.b3 Bb7 6.Bg2 Bb4+ 7.Bd2 a5 8.O-O O-O
9.Qc2 h6 10.Rd1 Re8 11.Nc3 Bxc3 12.Bxc3 Be4 13.Qd2 d5 14.Rac1 a4 15.Bf1 Bxf3
16.exf3 Nbd7 17.Qc2 Ra7 18.Bd2 axb3 19.axb3 Qa8 20.Bg2 Ra2 21.Qd3 Qa3 22.Bf4 c6  1/2-1/2

[Event "Gausdal MI9394"]
[Site "Gausdal"]
[Date "1993.??.??"]
[Round "4"]
[White "Ivanov, Igor V"]
[Black "Gausel, Einar"]
[Result "0-1"]
[WhiteElo "2505"]
[BlackElo "2500"]

1.e4 e6 2.d4 d5 3.e5 c5 4.c3 Nc6 5.Nf3 Bd7 6.a3 c4 7.Bf4 Na5 8.Nbd2 Ne7 9.Be2 Nc8
10.O-O Nb6 11.Re1 Be7 12.a4 g5  0-1